Modern Compiler Design (Record no. 33251)

MARC details
000 -LEADER
fixed length control field 00396nam a22001697a 4500
005 - DATE AND TIME OF LATEST TRANSACTION
control field 20230817094957.0
008 - FIXED-LENGTH DATA ELEMENTS--GENERAL INFORMATION
fixed length control field 230817b |||||||| |||| 00| 0 eng d
020 ## - INTERNATIONAL STANDARD BOOK NUMBER
ISBN 8126504188
082 ## - DEWEY DECIMAL CLASSIFICATION NUMBER
Classification number 005.86
Item number GRU-M
100 ## - MAIN ENTRY--AUTHOR
Author Name Grune,Dick
245 ## - TITLE STATEMENT
Title Modern Compiler Design
260 ## - PUBLICATION, DISTRIBUTION, ETC.
Place of Publication India
Name of publisher, distributor, etc. Wiley
Date of publication, distribution, etc. 2000
300 ## - PHYSICAL DESCRIPTION
Pages 735 pages
500 ## - GENERAL NOTE
General note Include Index.
650 ## - SUBJECT ADDED ENTRY--TOPICAL TERM
Subject / Department Compiler
952 ## - LOCATION AND ITEM INFORMATION (KOHA)
-- 0
-- 0
Holdings
Lost status Damaged status Permanent Location Current Location Shelving Location Date acquired Full Call Number Accession No./Barcode Date last seen item type
    Superior Information Resource Center (SIRC) Superior University- Gold Campus Superior Information Resource Center (SIRC) Superior University- Gold Campus Compiler 08/17/2023 005.86 GRU-M 2000 19627 08/17/2023 BOOK

Powered by Koha